Statistics for Harry Potter Characters

Click here to take the quiz!

General Stats

  • This quiz has been taken 13 times
  • The average score is 7 of 15

Answer Stats

HintAnswer% Correct
The boy who livedHarry Potter
100%
The half-blood princeSeverus Snape
82%
smartest witch of her ageHermione Granger
73%
Youngest boy in the big redhead familyRon Weasley
73%
Can turn into a catMinerva Mcgonagall
55%
Forever in the girls bathroomMoaning Myrtle
55%
_____Percival Wulfric Brian_____Albus Dumbledore
45%
House-elf who serve the House of BlackKreacher
36%
was an armchair at one pointHorace Slughorn
27%
His wand is concealed as part of a caneLucius Malfoy
27%
Found the Slytherin's Locket firstRegulus Black
27%
Conductor of the Knight BusStan Shunpike
27%
Luna Lovegood's fatherXenophilius Lovegood
27%
Hagrid's dogFang
18%
WON-WON!Lavender brown
18%

Score Distribution

Percentile by Number Answered

Percent of People with Each Score

Your Score History

You have not taken this quiz